00692nam a2200157 a 450000100100000000500170001000800410002704000250006808200170009310000340011024501200014426000550026430000210031995201770034099900170051700003231520200930065558.0110714s1925 dr r 000 0 spa d aDO-SdBNPbspacBNPHU axxxxxbR426m1 aRepública Dominicana93584310aMemoria que al ciudadano presidente de la República presenta el Secretario de Estado de Fomento y Comunicaciones. aSanto Domingo :bImp Casa de las América,c1925. a141 p. ;c27 cm. 001050718RVaPDbPDcCTd2011-07-14iLF1l0oxxxxx R426mp32315-10r2020-06-25w2020-06-25y1zPerteneció a la biblioteca personal de Julio Ortega Frier.ZNo se presta c31806d31806